| 000 | 01075cam a2200337 i 4500 | ||
|---|---|---|---|
| 001 | 200467026 | ||
| 003 | TR-AnTOB | ||
| 005 | 20260115150916.0 | ||
| 007 | ta | ||
| 008 | 260115s2006 tu ab b 000 0 tur d | ||
| 020 | _a9757104736 | ||
| 040 |
_aBGZ _beng _erda _cBGZ _dTR-AnTOB |
||
| 041 | 0 | _atur | |
| 050 | 1 | 4 |
_aNA7394 _b.S69 2006 |
| 090 |
_aNA7394 _b.S69 2006 |
||
| 100 |
_aSözen, Metin _eauthor _964726 |
||
| 245 | 1 | 0 |
_aGelenekten geleceğe : _bAnadolu'da yaşam kültürü / _cMetin Sözen. |
| 246 | 3 | 0 | _aAnadolu'da yaşam kültürü |
| 264 | 1 |
_aİstanbul : _bCreative Yayıncılık, _c2006. |
|
| 264 | 4 | _c©2006 | |
| 300 |
_a319 pages : _bcolor illustration, color maps ; _c31 cm |
||
| 336 |
_atext _btxt _2rdacontent |
||
| 337 |
_aunmediated _bn _2rdamedia |
||
| 338 |
_avolume _bnc _2rdacarrier |
||
| 504 | _aBIB | ||
| 650 | 7 |
_aMimari, Konut _zTürkiye _2etuturkob _950118 |
|
| 651 | 7 |
_aTürkiye _vResimli çalışmalar _2etuturkob _952414 |
|
| 651 | 7 |
_aTürkiye _xSosyal yaşam ve gelenekler _2etuturkob _9113794 |
|
| 942 |
_2lcc _cBK |
||
| 999 |
_c200467026 _d85238 |
||